000 00639cam a2200193 4500500
005 20260405003917.0
041 _afre
042 _adc
100 1 0 _aMoreau, Anne-Sophie
_eauthor
245 0 0 _aChampignons au petit déj’ : c’est de la bombe ? La chronique d’Anne-Sophie Moreau
260 _c2025.
500 _a21
690 _aAnne-Sophie Moreau
690 _aChampignon
690 _aHiroshima
690 _aPerformance
786 0 _nPhilosophie magazine | 188 | 4 | 2025-04-01 | p. 17-17 | 1951-1787
856 4 1 _uhttps://shs.cairn.info/magazine-philosophie-magazine-2025-4-page-17?lang=fr&redirect-ssocas=7080
999 _c2072008
_d2072008